00322pab a2200109 454500008003600000100001900036245006700055650001500122650002400137700002200161773002900183180718b xxu||||| |||| 00| 0 eng d aMcKeown, Penny aEducation reform in Northern Ireland: maintaining the distance a Education aEducation - Ireland aConnolly, Michael aJournal of Social Policy